00392nam a2200133Ia 4500003000400000005001700004008004100021040000900062082001800071100003200089245008000121260004800201300000900249OSt20200626121431.0190216s9999||||xx |||||||||||||| ||und|| coclc a954.83bKUR/W aKurup, K K Nd1939- author. 0aWilliam Logan : Malabarile Karshika Bandhangalil Oru Patanam /cK K N Kurup bKerala Basha Institute,c1991.aTrivandrum: a153p